| 000 | 01207nam a2200241Ia 4500 | ||
|---|---|---|---|
| 003 | Ost | ||
| 005 | 20260507075750.0 | ||
| 008 | 260507s9999||||xx |||||||||||||| ||und|| | ||
| 020 | _a9789931141211 | ||
| 040 | _cfsecg | ||
| 041 | _aara | ||
| 082 | _a332.6 | ||
| 100 |
_aسعيج، مونيرة _eمؤلف |
||
| 245 | 0 |
_aالاستثمار الزراعي سبيل لتحقيق الأمن الغذائي : _bالجزائر رؤية استراتيجية / _c مونيرة سعيج |
|
| 260 |
_aالجزائر: _bدار أجيال الرقمي , _c2024 |
||
| 300 |
_a135 صفحة؛ _bإيضاحات ؛ _c24 سم |
||
| 504 | _aبيبليوغرافيا: ص ص.131-132 | ||
| 520 | _aيتناول الكتاب تطور الأهمية الاستراتيجية للقطاع الزراعي وتأثير الاستثمار على محاور الأمن الغذائي في الجزائر خلال الفترة2000-2017، رؤية استراتيجية نحو تفعيل الاستثمار الزراعي لتحقيق الأمن الغذائي في الجزائر. | ||
| 653 | _aالاستثمار | ||
| 653 | _aالأمن الغذائي | ||
| 653 | _aالزراعة -اقتصاديات | ||
| 942 | _cكتاب | ||
| 999 |
_c46219 _d46219 |
||